000 00447nam a22001217a 4500
040 _cSY
082 _a306
100 _aNA
245 _aកម្រងលិខិតបទដ្ឋានគតិយុត្តិពាក់ព័ន្ធនឹង​សហគមន៍នេសាទនៅព្រះរាជាណាចក្រកម្ពុជា
260 _aរដ្ឋបាលជលផល
_bNA
_c2008
300 _a82p.
942 _cKB
999 _c9694
_d9694